Aqoursのコーレス(ラブライブ!サンシャイン!!) - Statistics

General Stats
  • This quiz has been taken 20 times
  • The average score is 14 of 20
Answer Stats
コール レスポンス % Correct
ビーチ、スケッチ 桜内!
94%
ダイヤッホー! ダイヤッホー!
94%
ダイヤッホー! ダイヤッホー!
94%
全速前進 ヨーソロー!
94%
かんかん? みかん!
89%
かんかん! みかん!
89%
か〜ん!か〜ん! み・か・ん!!
89%
好きな食べもの サンドイッチ!
89%
からの〜? 敬礼
89%
みなさ〜ん、お花〜 まる~
83%
シャイニー! シャイニー!
83%
おはヨハネ! おは善子!
78%
ご機嫌いかがかなん? DIVE(だいぶ)いい感じ〜!
72%
だからヨハネよっ! ぴょん!
56%
今日も一日 頑張ルビィ!
56%
ごめんくださいま聖良 いらっしゃいま聖良!
28%
みんなで一緒に よっこら聖良!
22%
姉様の妹は? 鹿角理亞!
22%
理亞ちゃんパワー充電出来てますか? 理亞充!
17%
ア〜ンド、ロックオ〜ン!! WAO!
11%
No matching quizzes found
Score Distribution
Percent of People with Each Score
Percentile by Number Answered
Your Score History
You have not taken this quiz